|
|
|
|
| LEADER |
00754cam a22002055a 4500 |
| 005 |
20160405122320.0 |
| 008 |
160405b xxu||||| |||| 00| 0 eng d |
| 020 |
|
|
|a 9780240812175
|
| 020 |
|
|
|a 0240812174
|
| 082 |
0 |
4 |
|a 791.4301
|b MER
|
| 100 |
1 |
|
|a Mercado, Gustavo
|
| 245 |
1 |
4 |
|a The filmmaker's eye :
|b learning (and breaking) the rules of cinematic composition /
|c Gustavo Mercado
|
| 260 |
|
|
|a Amsterdam ;
|a Boston :
|b Focal Press,
|c 2011.
|
| 300 |
|
|
|a 192p.
|
| 500 |
|
|
|a Includes index.
|
| 650 |
|
0 |
|a Cinematography
|
| 650 |
|
0 |
|a Motion pictures
|
| 942 |
|
|
|2 ddc
|c BK
|
| 999 |
|
|
|c 14479
|d 14479
|
| 952 |
|
|
|0 0
|1 0
|2 ddc
|4 0
|6 791_430100000000000_MER
|7 0
|9 20635
|a MAIN
|b MAIN
|d 2016-04-05
|e Calicut Books
|g 1745.00
|l 4
|o 791.4301 MER
|p 20566
|r 2017-12-21
|s 2017-11-30
|t 1
|w 2016-04-05
|y BK
|